|
|
|
|
| LEADER |
00990nta a2200241 i 4500 |
| 001 |
dipl139838 |
| 005 |
20241121150020.0 |
| 008 |
240510s2023 hu om 000 hun d |
| 040 |
|
|
|a SZTE Diploma Repozitórium
|b hun
|
| 041 |
|
|
|a hun
|
| 100 |
1 |
|
|a Horváth Áron Péter
|
| 245 |
1 |
2 |
|a A filmzene néhány alkalmazási lehetősége az ének-zeneoktatásban
|h [elektronikus dokumentum] /
|c Áron Péter Horváth
|
| 246 |
1 |
0 |
|a Some Potential Applications of Film Music in Music Education
|h [elektronikus dokumentum]
|
| 260 |
|
|
|c 2023
|
| 650 |
|
4 |
|a Pedagógusképzés
|
| 650 |
|
4 |
|a Social sciences
|
| 650 |
|
4 |
|a Educational sciences
|
| 650 |
|
4 |
|a Humanities
|
| 650 |
|
4 |
|a Arts (arts, history of arts, performing arts, music)
|
| 650 |
|
4 |
|a Performing arts studies (musicology, theater science, dramaturgy)
|
| 650 |
|
4 |
|a Music and musicology, history of music
|
| 700 |
0 |
1 |
|a Blaho Attila
|e ths
|
| 856 |
4 |
0 |
|u https://diploma.bibl.u-szeged.hu/id/eprint/139838/1/2023_horvath_aron_peter.pdf
|z Dokumentum-elérés
|